Tailored learning : (Record no. 2684)
[ view plain ]
| 000 -LEADER | |
|---|---|
| fixed length control field | 00739nam a2200205 a 4500 |
| 005 - DATE AND TIME OF LATEST TRANSACTION | |
| control field | 20260112063254.0 |
| 020 ## - INTERNATIONAL STANDARD BOOK NUMBER | |
| International Standard Book Number | 9781562865511 |
| 020 ## - INTERNATIONAL STANDARD BOOK NUMBER | |
| International Standard Book Number | 156286551X |
| 039 ## - LEVEL OF BIBLIOGRAPHIC CONTROL AND CODING DETAIL [OBSOLETE] | |
| Level of rules in bibliographic description | 202109291420 |
| Level of effort used to assign nonsubject heading access points | staff |
| Level of effort used to assign subject headings | 201302111328 |
| Level of effort used to assign classification | staff |
| Level of effort used to assign subject headings | 201302111327 |
| Level of effort used to assign classification | staff |
| Level of effort used to assign subject headings | 201005312220 |
| Level of effort used to assign classification | staff |
| -- | 201005312216 |
| -- | staff |
| 082 ## - DEWEY DECIMAL CLASSIFICATION NUMBER | |
| Classification number | 658.3124 |
| Item number | HOF [ Shelf 78] |
| 100 ## - MAIN ENTRY--PERSONAL NAME | |
| Personal name | Hofmann, Jennifer. |
| 245 ## - TITLE STATEMENT | |
| Title | Tailored learning : |
| Remainder of title | designing the blend that fits / |
| Statement of responsibility, etc. | Jennifer Hofmann, Nanette Miner. |
| 260 ## - PUBLICATION, DISTRIBUTION, ETC. | |
| Place of publication, distribution, etc. | Alexandria, VA : |
| Name of publisher, distributor, etc. | ASTD Press, |
| Date of publication, distribution, etc. | 2009. |
| 300 ## - PHYSICAL DESCRIPTION | |
| Extent | 210p. |
| Dimensions | 25cm. |
| 650 ## - SUBJECT ADDED ENTRY--TOPICAL TERM | |
| Topical term or geographic name entry element | Human Resource Management |
| 650 ## - SUBJECT ADDED ENTRY--TOPICAL TERM | |
| Topical term or geographic name entry element | Training and Development |
| 991 ## - | |
| -- | VIRTUA40 |
| 991 ## - | |
| -- | VTLSSORT0080*0200*0201*0820*1000*2450*2600*3000*6500*6501*9992 |
| 909 ## - | |
| -- | 2892 |
| Withdrawn status | Lost status | Damaged status | Not for loan | Home library | Current library | Date acquired | Total checkouts | Full call number | Barcode | Copy number | Koha item type |
|---|---|---|---|---|---|---|---|---|---|---|---|
| Indian Institute Of Management, Shillong | Indian Institute Of Management, Shillong | 12/10/2010 | 658.3124 HOF [ Shelf 78] | 0009220 | Reference |